000 01610nam a22004097a 4500
003 CHAP
005 20220329143445.0
008 091023s2009 mx r 00010 spa d
010 _a96939
011 _a97911
035 _a108584
040 _cCHAP
090 _aTesis
100 1 _aFuentecilla Rivera, Isrrael
_943822
245 1 3 _aEl proceso de formación del precio de exportación del limón persa (Citrus latifolia
_c/por Israel Fuentecilla Rivera
260 _aChapingo, Méx. :
_bEl autor,
_c2009
300 _av, 58 h. :
_bilus., cuadros
502 _aTesis (Lic. en Comercio Internacional de Productos Agropecuarios) -- UACH. División de Ciencias Económico Administrativas
530 _aTambién disponible en línea
590 _aALEPH
_b10
_c20130110
_lUCH01
_h1530
590 _aBATCH-UPD
_b10
_c20130110
_lUCH01
_h1435
590 _aBATCH-UPD
_b10
_c20130410
_lUCH01
_h0910
590 _aBATCH-UPD
_b10
_c20130914
_lUCH01
_h1448
590 _aBATCH-UPD
_b10
_c20140324
_lUCH01
_h1513
590 _aBATCH-UPD
_b10
_c20141002
_lUCH01
_h0840
590 _aCONVERSION
_b10
_c20130109
_lUCH01
_h1354
650 1 4 _aLimón persa
_xMercadeo.
_966870
650 1 4 _aLimón persa
_xProducción.
_966872
650 1 4 _aLimón persa
_zVeracruz.
_966879
650 1 4 _aLimón
_xExportación.
_966829
650 1 4 _aLimón
_xPrecios.
_966845
856 _3Finding aid
_uhttp://10.13.5.2/tesis/108584.pdf
_zTeclea aqui
901 _aBK
942 _cFOLL
949 _aTesis
_bBC
_cTES
_d33724002126264
_eTS1
_gDonaciØn
_h49643
_i108584
_sb
949 _aTesis
_bBC
_cTES
_d33724002126306
_eTS2
_fc.2
_gDonaciØn
_h49644
_i108584
_sb
999 _c96939
_d96939